[Event "Pan American-ch School U13 12th"]
[Site "Callao"]
[Date "2023.10.18"]
[Round "5"]
[White "Paucarmayta Quirita, Diego Jared"]
[Black "Luza Chura, Marco Adriano"]
[Result "1-0"]
[WhiteElo "1131"]
[BlackElo "1263"]
[PlyCount "99"]
[EventDate "2023.10.16"]
[EventType "swiss"]
[EventRounds "9"]
[EventCountry "PER"]
[SourceTitle "Mega2024 Update 01"]
[Source "Chessbase"]
[SourceDate "2023.11.12"]
[SourceVersion "1"]
[SourceVersionDate "2023.11.12"]
[SourceQuality "1"]

1. e4 c5 2. Nf3 d6 3. d4 cxd4 4. Nxd4 Nf6 5. Nc3 a6 6. f3 Qb6 7. a4 Nc6 8. Nb3 a5 9. Bb5 Bd7 10. Qe2 Nb4 11. Kd1 Rc8 12. Be3 Qc7 13. Nd4 g6 14. Bxd7+ Nxd7 15. Ndb5 Qc4 16. Qxc4 Rxc4 17. b3 Rc6 18. Bd4 e5 19. Be3 Nf6 20. Bg5 Be7 21. Rc1 h6 22. Bxf6 Bxf6 23. h4 h5 24. Nd5 Nxd5 25. exd5 Rc5 26. c4 Kd7 27. Rc2 Bg7 28. g4 Bf6 29. g5 Bg7 30. Re2 Rcc8 31. Nc3 Rhf8 32. Rhe1 f5 33. Nb5 Rfe8 34. Kc2 Bf8 35. Nc3 Bg7 36. Rb1 Rf8 37. b4 e4 38. f4 Bxc3 39. Kxc3 Kc7 40. bxa5 Ra8 41. Reb2 Ra7 42. Rb5 Re8 43. c5 dxc5 44. Rxc5+ Kd6 45. Rcb5 e3 46. Re1 Re4 47. Kd3 Rxf4 48. Rxe3 Rxh4 49. Re6+ Kd7 50. Rxg6 1-0